000
00325 a2200109 4500
001
ART_6659
005
20260410161620.0
008
260409a
245
1
0
_a
Las NIIF y la divulgación de información de gestión
100
1
_a
García Fronti, Inés M.
773
0
_t
Enfoques
_g
- Nº 11 (nov. 2009)
_w
REV416
999
_c
11474
_d
11474